Profán körmenet Csótó László művei Párkányban

Bibliographic Details
Main Author: -mi- (Author)
Format: Article
Language:Hungarian
PhysicalDescription:Fotogr. 1
Subjects:

MARC

LEADER 00000nab a2200000 a 4500
001 vtls000608715
003 SK-MaSNL
005 20260319074634.0
008 160322c1996 xo 0 hun
015 |a SNBRB19rr/mm-uuuuu 
035 |a CL0608854 
040 |a SNKBUCL  |b slo  |c SNKBUCL  |e AACR2 
041 0 |a hun 
044 |a xo  |c SK 
080 |a 75.071.1:061.4  |2 1981 
080 |a 76.071.1  |2 1981 
100 1 |a -mi-  |4 aut  |9 841204 
245 1 0 |a Profán körmenet  |b Csótó László művei Párkányban  |c -mi- 
300 |b Fotogr. 1 
600 1 7 |a Csótó, László  |d ?-  |x tvorba - výstavy - Štúrovo - 19. 11.-26. 12. 1996 - informácie  |2 snkbucl  |9 995098 
650 0 7 |a Csótó, László  |2 snkbucl  |9 902925 
651 7 |a 5207  |2 snkbucl  |9 276522 
651 7 |a 5309  |2 snkbucl  |9 279317 
655 7 |a články z novín a časopisov  |2 snkbucl  |9 267496 
773 0 |t Szabad újság  |g Roč. 4, č. 49 (1996), s. 11 
850 |a Slovenská národná knižnica v Martine  |a DSG001 
852 |a SNK  |b KIS3GCP 
958 |a HU 
958 |a BX 
958 |a SK 
958 |a RK 
958 |a RBX 
999 |c 1605004  |d 1606934